00700nam a2200157 450000500170000000800410001705000200005810000420007824501550012025000250027526000860030030000180038649000280040465100540043265100560048620180223094934.0170404b mx ||||| |||| 00| 0 spa d04aF1296bP47 19891 aPérez Verdía, Luis. d[1857-1914]10aHistoria particular del Estado de Jalisco : bdesde los primeros tiempos de que hay noticia, hasta nuetros días c/ por el Lic. Luis Pérez Verdia  a1a ed. bfacsimilar  aGuadalajara, Jalisco, México : bEditorial Universidad de Guadalajara, c1989.  av. ; c21 cm. aColección Facsimilar. 72LEMBaGuadalajara, Jalisco xHistoria zMéxico  72LEMBaGuadalajara, Jalisco xPolítica y gobierno